| 000 | 01171nam a22003857a 4500 | ||
|---|---|---|---|
| 001 | BR2012001905 | ||
| 003 | BR-BrBNA | ||
| 005 | 20230928103920.0 | ||
| 007 | ta | ||
| 008 | 230509b bl.||||| |||| 00| 0 por d | ||
| 040 |
_aBR-BrBNA _bpor _cBiblioteca Nacional de Agricultura |
||
| 041 | _a(Por) | ||
| 072 |
_aF01 _b1112 |
||
| 090 | _ 1112 BR2012001905 | ||
| 110 | 1 |
_aAgrodata Produtora de Vídeo Científico e Cultural, Curitiba, PR (Brasil) _965 |
|
| 245 | 1 | _aComo produzir banana de qualidade: variedades, doenças e controle, projeto de cabo aéreo, projeto de casa de embalagem, custo de produção | |
| 260 | 3 |
_aCuritiba, PR (Brasil): _c[nd]. |
|
| 300 | _a34 p. | ||
| 500 | _aPublished 2000?; 4 illus.; 8 tables | ||
| 650 | _aBANANA | ||
| 650 | _aVARIEDADE | ||
| 650 | _aTAXONOMIA VEGETAL | ||
| 650 | _aPRAGA DE PLANTA | ||
| 650 | _aDOENÇA DE PLANTA | ||
| 650 | _aCONTROLE QUÍMICO | ||
| 650 | _aHERBICIDA | ||
| 650 | _aAGROTÓXICO | ||
| 650 | _aCONTROLE BIOLÓGICO | ||
| 650 | _aBROCA | ||
| 650 | _aCOSMOPOLITES SORDIDUS | ||
| 650 | _aCUSTO | ||
| 650 | _aPROJETO AGRÍCOLA | ||
| 909 |
_a202309 _bLucia _c55 _dLucia Elande |
||
| 942 | _cBK | ||
| 999 |
_c77227 _d77227 |
||